[Event "Titled Tuesday intern op 12th Sep Early"]
[Site "Chess.com INT"]
[Date "2023.09.12"]
[Round "2"]
[White "Fareh, Youness"]
[Black "Bychkov, Vladimir"]
[Result "0-1"]
[WhiteElo "2173"]
[BlackElo "2216"]
[PlyCount "66"]
[EventDate "2023.09.12"]
[EventType "swiss (blitz)"]
[EventRounds "11"]
[EventCountry "USA"]
[SourceTitle "EXT 2024"]
[Source "ChessBase"]
[SourceDate "2023.10.10"]
[SourceVersion "1"]
[SourceVersionDate "2023.10.10"]
[SourceQuality "1"]

1. Nf3 c5 2. c4 Nc6 3. Nc3 Nf6 4. g3 b6 5. Bg2 Bb7 6. 0-0 e6 7. d4 cxd4 8. Nxd4 Rc8 9. Nc2 Be7 10. b3 0-0 11. Bb2 d5 12. cxd5 exd5 13. e3 Re8 14. Rc1 Bf8 15. h4 Ne4 16. Nxe4 dxe4 17. Qg4 Ne5 18. Bxe5 Rxe5 19. Rfd1 Qe8 20. Rd7 Re7 21. Rdd1 Rec7 22. Qe2 Ba3 23. Nxa3 Rxc1 24. Nc4 Rxd1+ 25. Qxd1 Rd8 26. Qg4 Qe7 27. h5 h6 28. Qf4 Qg5 29. Qc7 Ba6 30. Bxe4 f5 31. Bxf5 Rd1+ 32. Kg2 Qxf5 33. Qd8+ Rxd8 0-1

[Event "Titled Tuesday intern op 12th Sep Early"]
[Site "Chess.com INT"]
[Date "2023.09.12"]
[Round "3"]
[White "Trifan, Andrei Ioan"]
[Black "Bychkov, Vladimir"]
[Result "1-0"]
[WhiteElo "2302"]
[BlackElo "2216"]
[PlyCount "89"]
[EventDate "2023.09.12"]
[EventType "swiss (blitz)"]
[EventRounds "11"]
[EventCountry "USA"]
[SourceTitle "EXT 2024"]
[Source "ChessBase"]
[SourceDate "2023.10.10"]
[SourceVersion "1"]
[SourceVersionDate "2023.10.10"]
[SourceQuality "1"]

1. Nf3 d5 2. e3 Nc6 3. d4 Bg4 4. c4 Bxf3 5. Qxf3 e6 6. Nc3 Nf6 7. Bd3 dxc4 8. Bxc4 Bd6 9. Bb5 Qd7 10. e4 e5 11. d5 0-0 12. dxc6 bxc6 13. Bc4 Bc5 14. 0-0 Bd4 15. Bb3 Rab8 16. Bg5 Ne8 17. Rad1 c5 18. Nd5 c6 19. Ne3 Kh8 20. Qf5 Qc7 21. Nc4 f6 22. Bd2 Qe7 23. Bc3 g6 24. Qf3 Ng7 25. Ne3 Nh5 26. g3 Ng7 27. Rd3 a5 28. Nc4 Ra8 29. Bxa5 Ne6 30. Bc3 Ng5 31. Qe2 Rad8 32. Kg2 Qd7 33. g4 f5 34. exf5 gxf5 35. Nxe5 Qg7 36. f4 Ne4 37. Bxd4 cxd4 38. Kh1 c5 39. gxf5 Rxf5 40. Qxe4 Rdf8 41. Rg3 Qc7 42. Qxf5 Qb7+ 43. Kg1 Qa8 44. Qxf8+ Qxf8 45. Nf7+ 1-0

[Event "St Petersburg Korchnoi Memorial op"]
[Site "St Petersburg"]
[Date "2023.08.24"]
[Round "9"]
[White "Bychkov, Vladimir"]
[Black "Efimov, Leonid"]
[Result "1/2-1/2"]
[WhiteElo "2225"]
[BlackElo "1993"]
[PlyCount "72"]
[EventDate "2023.08.18"]
[EventType "swiss"]
[EventRounds "9"]
[EventCountry "RUS"]
[SourceTitle "CBM 216 Extra"]
[Source "ChessBase"]
[SourceDate "2023.11.30"]
[SourceVersion "1"]
[SourceVersionDate "2023.11.30"]
[SourceQuality "1"]

1. Nf3 d5 2. e3 Nf6 3. b3 g6 4. Bb2 Bg7 5. Be2 0-0 6. 0-0 c5 7. Qc1 Nc6 8. Ne5 Qd6 9. Nxc6 Qxc6 10. c4 dxc4 11. bxc4 Qc7 12. Nc3 Rd8 13. Nb5 Qd7 14. d4 a6 15. Nc3 cxd4 16. exd4 Qc7 17. h3 Rxd4 18. Nb5 axb5 19. Bxd4 Ng4 20. Bxg4 Bxd4 21. cxb5 Qb6 22. Rb1 Bxg4 23. hxg4 Rxa2 24. Qf4 e5 25. Qf3 h6 26. Qg3 Qc5 27. Qf3 b6 28. Rbc1 Qxb5 29. Rc7 Qe8 30. Qb7 Qe6 31. Qb8+ Kg7 32. Rc8 Qf6 33. g5 hxg5 34. Rh8 Qe7 35. Rh3 Kf6 36. Rf3+ Kg7 1/2-1/2

[Event "Speed Chess Q2 Sw"]
[Site "Chess.com INT"]
[Date "2023.08.23"]
[Round "3"]
[White "Quintiliano Pinto, Renato Rodrigues"]
[Black "Bychkov, Vladimir"]
[Result "0-1"]
[WhiteElo "2515"]
[BlackElo "2225"]
[PlyCount "64"]
[EventDate "2023.08.23"]
[EventType "swiss (blitz)"]
[EventRounds "14"]
[EventCountry "USA"]
[SourceTitle "CBM 215 Extra"]
[Source "ChessBase"]
[SourceDate "2023.09.30"]
[SourceVersion "1"]
[SourceVersionDate "2023.09.30"]
[SourceQuality "1"]

1. c4 e5 2. Nc3 Bb4 3. Nd5 Be7 4. Nf3 c6 5. Nc3 d6 6. d4 Qc7 7. g3 f5 8. Bg2 Nf6 9. 0-0 0-0 10. b3 Nbd7 11. Bb2 e4 12. Ng5 Nb6 13. Nh3 d5 14. c5 Nbd7 15. Nf4 Kf7 16. f3 g5 17. fxe4 gxf4 18. e5 Ng4 19. Rxf4 Kg8 20. e4 dxe4 21. Rxf5 Ne3 22. Rxf8+ Nxf8 23. Qd2 Nxg2 24. Nxe4 Be6 25. Qxg2 Bd5 26. Qe2 Qd7 27. Rf1 Ng6 28. Bc1 Rf8 29. Rxf8+ Kxf8 30. Bh6+ Kg8 31. Nd6 Qh3 32. Qf2 Qxh6 0-1

[Event "St Petersburg Korchnoi Memorial op"]
[Site "St Petersburg"]
[Date "2023.08.23"]
[Round "8"]
[White "Zhambalov, Bator1"]
[Black "Bychkov, Vladimir"]
[Result "0-1"]
[WhiteElo "2033"]
[BlackElo "2225"]
[PlyCount "82"]
[EventDate "2023.08.18"]
[EventType "swiss"]
[EventRounds "9"]
[EventCountry "RUS"]
[SourceTitle "CBM 216 Extra"]
[Source "ChessBase"]
[SourceDate "2023.11.30"]
[SourceVersion "1"]
[SourceVersionDate "2023.11.30"]
[SourceQuality "1"]

1. e4 c5 2. Nf3 d6 3. d4 cxd4 4. Nxd4 Nf6 5. Nc3 a6 6. Be3 e6 7. f3 b5 8. Qd2 Nbd7 9. 0-0-0 Bb7 10. g4 Nb6 11. g5 Nfd7 12. Bd3 Rc8 13. Kb1 Ne5 14. h4 b4 15. Nce2 Nec4 16. Bxc4 Nxc4 17. Qc1 Be7 18. Rhg1 g6 19. Bf2 e5 20. Nb3 a5 21. Nd2 Qc7 22. Nxc4 Qxc4 23. Qd2 a4 24. Nc1 0-0 25. h5 d5 26. hxg6 fxg6 27. exd5 Rfd8 28. b3 axb3 29. cxb3 Qxd5 30. Qxd5+ Bxd5 31. Rge1 Bxf3 32. Rxd8+ Bxd8 33. Rxe5 Bxg5 34. Nd3 Bf6 35. Rc5 Re8 36. Nxb4 Re2 37. Bg3 Be4+ 38. Kc1 Be7 39. Rc4 Bg5+ 40. Kd1 Bf3 41. Bc7 Be3 0-1

[Event "St Petersburg Korchnoi Memorial op"]
[Site "St Petersburg"]
[Date "2023.08.19"]
[Round "3"]
[White "Bychkov, Vladimir"]
[Black "Postanogov, Dmitrii"]
[Result "1/2-1/2"]
[WhiteElo "2225"]
[BlackElo "2061"]
[PlyCount "65"]
[EventDate "2023.08.18"]
[EventType "swiss"]
[EventRounds "9"]
[EventCountry "RUS"]
[SourceTitle "CBM 216 Extra"]
[Source "ChessBase"]
[SourceDate "2023.11.30"]
[SourceVersion "1"]
[SourceVersionDate "2023.11.30"]
[SourceQuality "1"]

1. d4 d5 2. Bf4 Nf6 3. e3 c5 4. dxc5 Nc6 5. Bb5 e6 6. b4 Be7 7. Nf3 0-0 8. c3 a5 9. Bxc6 bxc6 10. Ne5 Bb7 11. 0-0 Nd7 12. Nxd7 Qxd7 13. Nd2 axb4 14. cxb4 Bf6 15. Nc4 Ba6 16. Nb6 Qb7 17. Rb1 Bxf1 18. Nxa8 Rxa8 19. Qxf1 Rxa2 20. b5 cxb5 21. Rxb5 Qxb5 22. Qxb5 Ra1+ 23. Qf1 Rxf1+ 24. Kxf1 Kf8 25. c6 Ke7 26. Bc7 Bc3 27. Bb6 Bb4 28. Bc7 Bd6 29. Bb6 Bb4 30. Bc7 Bd6 31. Bb6 Bb4 32. Bc7 Bd6 33. Bb6 1/2-1/2

[Event "Titled Tuesday intern op 25th Jul Early"]
[Site "Chess.com INT"]
[Date "2023.07.25"]
[Round "2"]
[White "Garcia Correa, Jose Ricardo"]
[Black "Bychkov, Vladimir"]
[Result "0-1"]
[WhiteElo "2103"]
[BlackElo "2225"]
[PlyCount "92"]
[EventDate "2023.07.25"]
[EventType "swiss (blitz)"]
[EventRounds "11"]
[EventCountry "USA"]
[SourceTitle "EXT 2024"]
[Source "ChessBase"]
[SourceDate "2023.10.10"]
[SourceVersion "1"]
[SourceVersionDate "2023.10.10"]
[SourceQuality "1"]

1. e4 c5 2. Nf3 Nc6 3. d4 cxd4 4. Nxd4 g6 5. Nxc6 bxc6 6. Qd4 Nf6 7. e5 Nd5 8. e6 f6 9. exd7+ Qxd7 10. Bc4 e5 11. Qh4 Bg7 12. 0-0 0-0 13. Nc3 Qf7 14. Bh6 Be6 15. Ne4 Bxh6 16. Qxh6 Nf4 17. Bxe6 Qxe6 18. Rfe1 Qg4 19. Ng3 Rad8 20. h3 Qd7 21. Rad1 Qxd1 22. Rxd1 Rxd1+ 23. Kh2 Rd2 24. Ne4 Rxc2 25. g3 Nd5 26. b3 a5 27. h4 Rxa2 28. Qc1 f5 29. Qxc6 fxe4 30. Qxd5+ Rf7 31. h5 Raxf2+ 32. Kh3 gxh5 33. Qxe5 R2f5 34. Qe8+ Kg7 35. Qxe4 Rg5 36. Qd4+ Rf6 37. Qd7+ Kg6 38. Qe8+ Rf7 39. Qe6+ Kg7 40. Qe3 h6 41. Qc3+ Kg8 42. Qc6 Rfg7 43. Qxh6 Rxg3+ 44. Kh2 R3g6 45. Qf4 Rg4 46. Qe5 Rh4# 0-1

[Event "Titled Tuesday intern op 23rd May Early"]
[Site "Chess.com INT"]
[Date "2023.05.23"]
[Round "5"]
[White "Coelho, Ramyres Santana"]
[Black "Bychkov, Vladimir"]
[Result "1-0"]
[WhiteElo "1981"]
[BlackElo "2225"]
[PlyCount "67"]
[EventDate "2023.05.23"]
[EventType "swiss (blitz)"]
[EventRounds "11"]
[EventCountry "USA"]
[SourceTitle "CBM 214 Extra"]
[Source "ChessBase"]
[SourceDate "2023.07.31"]
[SourceVersion "1"]
[SourceVersionDate "2023.07.31"]
[SourceQuality "1"]

1. e4 c6 2. d4 d5 3. Nc3 dxe4 4. Nxe4 Nf6 5. Nxf6+ exf6 6. Nf3 Bd6 7. Be3 0-0 8. Qd2 Re8 9. 0-0-0 a5 10. Bd3 a4 11. h3 a3 12. b3 Na6 13. c3 b5 14. g4 b4 15. c4 c5 16. dxc5 Bc7 17. Qc2 h6 18. Bh7+ Kf8 19. Rxd8 Rxd8 20. Bf5 Bb7 21. Be4 Bxe4 22. Qxe4 Re8 23. Qh7 Rad8 24. Re1 Re6 25. Bd2 Nxc5 26. Qh8+ Ke7 27. Rxe6+ Kxe6 28. Qxg7 Nd3+ 29. Kc2 Nxf2 30. Qxh6 Ne4 31. Qe3 f5 32. gxf5+ Kxf5 33. Nd4+ Ke5 34. Nc6+ 1-0